000 00560nam a22001817a 4500
005 20231128100732.0
008 231128b |||||||| |||| 00| 0 eng d
020 _a0702145335
041 _aEnglish
082 _a340.1 BOT
100 _aBotha, C
_lEnglish
245 _aStatutory Interpretation :
_bAn Introduction for students /
_cC Botha
250 _aThird Edition
260 _aCape Town :
_bJuta and Company Ltd,
_c1998
300 _bxxiii, 185 pages ;
_c22 cm.
650 _aLegal practice
_bLaw
942 _cBK
_6ALISON_BN_VRIES
999 _c999
_d999